000 00333 a2200145 4500
001 50209
040 _cAnchieta - Bela Vista
100 _aAnchietinha Bela Vista
240 1 0 _aAs fantásticas aventuras
_lpor
245 1 0 _aAs fantásticas aventuras
300 _a25
362 0 _a2011
650 4 _aLiteratura juvenil
942 _cBK
999 _c50209
_d50209